Alle KNMI weerstations in Nederland - Statistieken

Algemene statistieken
  • Deze quiz is 5 keer genomen
  • De gemiddelde score is 14 van 35
Antwoordstatistieken
Antwoord % Correct
De Bilt
100%
Rotterdam
100%
Leeuwarden
75%
Maastricht
75%
Vlissingen
75%
Arcen
50%
Eelde
50%
Eindhoven
50%
Hoek van Holland
50%
Lelystad
50%
Nieuw Beerta
50%
Westdorpe
50%
Wijk aan Zee
50%
Berkhout
25%
Cabauw
25%
Deelen
25%
De Kooy
25%
Ell
25%
Gilze Rijen
25%
Heino
25%
Herwijnen
25%
Hoogeveen
25%
Horst
25%
Hupsel
25%
Lauwersoog
25%
Marknesse
25%
Schiphol
25%
Stavoren
25%
Terschelling
25%
Twente
25%
Vlieland
25%
Volkel
25%
Voorschoten
25%
Wilhelminadorp
25%
Woensdrecht
25%
Geen overeenkomende quizzen gevonden
Scoreverdeling
Procent van Mensen met Elke Score
Percentiel versus Aantal Correcte Antwoorden
Uw Scoregeschiedenis
U heeft deze quiz nog niet genomen